000 00330nam a2200133Ia 4500
008 240624s9999 xx 000 0 und d
041 _aeng
082 _a657 JON
100 _aJONES MICHAEL
245 _aACCOUNTING FOR NON SPECIALIST
260 _c2005
_aEngland
_bJohn Wiley
300 _axix, : 596 : p. : cm. ; 24
365 _cRS
999 _c3073
_d3073